000 00545nam a22001937a 4500
999 _c6968
_d6968
003 OSt
005 20210531162142.0
008 210531b ||||| |||| 00| 0 eng d
020 _a9780123725684
040 _cDDC
082 _a571.8 SPE 2009
100 _aEdited by Birkhead,R.Tim;Hosken,David,J;Pitnick,Scott;
_914298
245 _aSperm Biology;
_bAn Evolutionary Perspective.
260 _aBoston,
_bElsevier,
_c2009.
300 _axxxii,642p;
_bill;
_c23cm.
504 _aincludes index.
650 _abiology
_95602
942 _2ddc
_cO_SHELF